Statystyki dla ROZPOZNAJ PRZYSTANEK AUTOBUSOWY WE WROCŁAWIU

Kliknij tutaj aby rozwiązać quiz!

Ogólne statystyki

  • Ten quiz został rozwiązany 31 razy
  • Średni wynik to 6 z 22

Statystyki odpowiedzi

Odpowiedź% Poprawnych
EPI
75%
PORT LOTNICZY
75%
DWORZEC AUTOBUSOWY
71%
LEŚNICA
68%
PRZYJAŹNI
54%
SERBSKA CK AGORA
32%
GAJ
29%
KOSZAROWA SZPITAL
29%
RĘDZIN
25%
WOJNÓW
25%
IWINY RONDO
21%
KAMIEŃSKIEGO
21%
POŚWIĘCKA OŚRODEK ZDROWIA
18%
SĘPOLNO
18%
NYSKA
14%
ZWYCIĘSKA
14%
GRANICZNA
11%
OSIEDLE SOBIESKIEGO
11%
ŚWINIARY
11%
BLACHARSKA
7%
PÓŁNOCNA
4%
PRACZE ODRAZŃSKIE
4%

Rozkład punktacji

Percentyl według liczby udzielonych odpowiedzi

Procent ludzi z każdym wynikiem

Twoja historia wyników

Nie rozwiązałeś tego quizu